| 000 | 00843nam a2200193 4500 | ||
|---|---|---|---|
| 001 | 111644 | ||
| 003 | ES-MaACL | ||
| 007 | t| | ||
| 008 | 061121s1946 xxu r ||||1| spa d | ||
| 100 | 1 |
_aNesbit, Reed M. _985407 |
|
| 245 | 1 | 0 |
_aProstatectomía transuretral / _cpor el Dr. Reed M. Nesbit; con dibujos ilustrando técnicas por William P. Didusch; un capítulo sobre la vascularización sanguínea de la glándula prostática por el Dr. Rubín H. Flocks; traducido al castellano por el Dr. Luis H. Rodríguez Díaz. |
| 250 | _a1ª ed. en castellano. | ||
| 260 |
_aSpringfield [Estados Unidos] : _bCharles C. Thomas, _c1946. |
||
| 300 |
_aXVI, 186 p. : _bil. ; _c24 cm. |
||
| 700 | 1 |
_aDidusch, William P. _944525 |
|
| 700 | 1 |
_aFlocks, Rubín H. _951226 |
|
| 700 | 1 |
_aRodríguez Díaz, Luis H. _998494 |
|
| 852 |
_aES-MaACL _jE-1628 _bR.28570 |
||
| 999 |
_c111644 _d111644 |
||